000
00348nam a22001337a 4500
003
SGT
020
_a
978-9388669-06-1
082
_a
370
_b
NAN
100
_a
नंद्रा , डॉ. इन्दर
245
_a
अधिगम के लिए आंकलन
260
_a
PUNJAB
_b
TWENTYFIRST PUB
_c
2019
300
_a
324
942
_2
ddc
_c
BK
999
_c
17151
_d
17151